Unitárius prédikációalkotás a 17. század végén egy nyilvánosságra szánt iskolai prédikációskötet /
Elmentve itt :
| Szerző: | |
|---|---|
| Dokumentumtípus: | Könyv része |
| Megjelent: |
Reciti Kiadó
Budapest
2015
|
| Sorozat: | Arianna könyvek
Kultúrjav. Írásbeliség és szóbeliség irodalma – újrahasznosítva |
| mtmt: | 3077642 |
| Online Access: | http://publicatio.bibl.u-szeged.hu/7186 |
| LEADER | 00800naa a2200193 i 4500 | ||
|---|---|---|---|
| 001 | publ7186 | ||
| 005 | 20190730091906.0 | ||
| 008 | 160720s2015 hu o 0|| zxx d | ||
| 020 | |a 978-615-5478-17-8 | ||
| 024 | 7 | |a 3077642 |2 mtmt | |
| 040 | |a SZTE Publicatio Repozitórium |b hun | ||
| 041 | |a zxx | ||
| 100 | 1 | |a Túri Tamás | |
| 245 | 1 | 0 | |a Unitárius prédikációalkotás a 17. század végén |h [elektronikus dokumentum] : |b egy nyilvánosságra szánt iskolai prédikációskötet / |c Túri Tamás |
| 260 | |a Reciti Kiadó |b Budapest |c 2015 | ||
| 300 | |a 197-214 | ||
| 490 | 0 | |a Arianna könyvek | |
| 490 | 0 | |a Kultúrjav. Írásbeliség és szóbeliség irodalma – újrahasznosítva | |
| 856 | 4 | 0 | |u http://publicatio.bibl.u-szeged.hu/7186/1/turi_fikon_2015_kiadoi.pdf |z Dokumentum-elérés |